A classical introduction to modern number theory

Saved in:
Bibliographic Details
Main Author: Ireland, Kenneth F.
Other Authors: Rosen, Michael I. (Michael Ira) 1938-
Format: Book
Language:English
Published: New York : Springer-Verlag, c1990
Edition:2nd ed
Series:Graduate texts in mathematics ; ; 84
Subjects:
Tags: Add Tag
No Tags, Be the first to tag this record!

MARC

LEADER 00000cam a2200000 i 4500
001 1/32203
008 941103s1990 eng d
020 |a 038797329X 
035 |l 10039037 
040 |a GR-MY-UA  |b gre  |e aacr 
041 0 |a eng 
082 0 |a 512.7  |2 (20) 
100 1 |a Ireland, Kenneth F. 
245 1 2 |a A classical introduction to modern number theory /  |c Kenneth Ireland, Michael Rosen 
250 |a 2nd ed 
260 |a New York :   |b Springer-Verlag,   |c c1990 
300 |a xiv, 389 p.;  |c 24 cm 
490 1 |a Graduate texts in mathematics  |v ; 84 
504 |a Includes bibliographical references (p. 375-384) and index 
650 0 0 |a Number theory. 
700 1 |a Rosen, Michael I.  |q (Michael Ira)  |d 1938- 
830 0 |a Graduate texts in mathematics ;  |v ; 84 
852 |a INST  |b SAMOS  |e 19941103  |h 512.7 IRE  |p 005300007603  |q 005300007603  |t BK  |y 0 
909 |a Σ  |b 029388